000 01126nam a2200289 a 4500
001 BRCA_3452
005 20190320204305.0
041 _aspa
044 _asp
084 _a741
_b.F47
_c1884
100 1 _aFernández de Avellaneda, Alonso
_99026
245 1 0 _aEl Ingenioso Hidalgo D. Quijote de la Mancha
_cAlonso Fernández de Avellaneda.
260 _aBarcelona
_bDaniel Cortéz
_c1884
300 _a344 p.
_c21 cm.
440 0 _aBiblioteca Clásica Española
_99027
500 _aContenido : Advertencia del editor. Dedicatoria y prólogo del autor. Texto
500 _aOtra edición de la continuación del Quijote, escrita por Avellaneda, algo abreviada. Tela; lomos y planos decorados Lúdovik Osterc
500 _aCon ex-libris de : Joaquín Abaurre
500 _aQM1530
650 1 4 _aNovela española
_yÉpoca clásica, 1500-1700
_9215
650 1 4 _aLiteratura española
_yÉpoca clásica, 1500-1700
_9216
650 1 4 _aNovela española
_ySiglo XVII
_9217
650 1 4 _aDon Quijote (Personaje ficticio)
_eNovela
_9218
740 0 _aEl Ingenioso Hidalgo Don Quijote de la Mancha
902 _aQFM
942 _2lcc
_cB
999 _c3188
_d3188